| 000 | 00707nam a2200205 u 4500 | ||
|---|---|---|---|
| 001 | 000020723 | ||
| 005 | 20250120084525.0 | ||
| 008 | 100813s1970 dr r 000 p spa d | ||
| 040 |
_aDO-SdBNP _bspa _cBNPHU |
||
| 082 |
_aRD861.44 _bA958c |
||
| 100 | 1 |
_aAvilés Blonda, Máximo, _d1931-1988 _97914 |
|
| 245 | 1 | 0 |
_aCantos a Elena ; Centro del mundo / _cMáximo Avilés Blonda. |
| 246 | 1 | 3 | _aCentro del mundo |
| 260 |
_aSanto Domingo : _bUniversidad Autónoma de Santo Domingo, _c1970. |
||
| 490 | 1 |
_aBrigada Universitaria ; _vno. 1 |
|
| 563 | _aDos obras con paginación continua. | ||
| 650 | 0 |
_aPoesía dominicana _966 |
|
| 650 | 0 |
_aLiteratura dominicana. _967 |
|
| 830 | 0 |
_aBrigada Universitaria ; _n1 _943477 |
|
| 999 |
_c20227 _d20227 |
||